Normal view
MARC view
Entry Personal Name
001 - CONTROL NUMBER
- control field: 18396
003 - CONTROL NUMBER IDENTIFIER
- control field: dpl
005 - DATE AND TIME OF LATEST TRANSACTION
- control field: 20100904151106.0
008 - FIXED-LENGTH DATA ELEMENTS
- fixed length control field: 100904|||a|||||| | ||| d
040 ## - CATALOGING SOURCE
- Original cataloging agency: dpl
- Transcribing agency: dpl
100 ## - HEADING--PERSONAL NAME
- Personal name: राजिमवाले, अनिल
670 ## - SOURCE DATA FOUND
- Source citation: Work cat.: (dpl)36501: राजिमवाले, अनिल, मार्क्सवादी डाइलेक्टिक्स की मूल समस्याएं /, 2009
670 ## - SOURCE DATA FOUND
- Source citation: Work cat.: (dpl)36501: राजिमवाले, अनिल, मार्क्सवादी डाइलेक्टिक्स की मूल समस्याएं /, 2009
